000
00308nam a22001217a 4500
082
_a
667.9 BUR'S
100
_a
BURG, P. VON DER
_9
58088
245
_a
SCHOOL OF PAINTING FOR THE INITATION OF WOODS AND MARBLES
250
_a
8TH
260
_a
LONDON
_b
THE TECHNICAL PRESS
_c
1955
300
_a
44P
942
_c
BK
999
_c
568301
_d
568301